000 00921cam a2200301Mc 4500
001 ocn834224970
003 TZ-ArACH
005 20150616130610.0
008 020821s1977 ru 000 0 eng d
035 _a(OCoLC)834224970
040 _aGBVCP
_bger
_erakwb
_cTZ-ArACH
041 _aEng
049 _aTZAA
050 _aHX21
_b.L25
100 1 _aLenin, V. I.
_917232
245 1 0 _aLenin: Selected works Vol. 1
_nVol. 1
_cV. I. Lenin
250 _arevised
260 3 _aMoscow
_bProgress Publishers
_c1977
300 _a813 p.
504 _aNotes, indexes
650 _aCommunism
_917233
650 _aSocialism
_917234
651 _aRussia (Federation)
_xHistory
_yRevolution
_917235
653 _aDonation
773 0 8 _w(DE-601)335875963
942 _2lcc
_cBOOK
999 _c3148
_d3148